000 00773nam a22002297a 4500
005 20250401102937.0
008 250401b |||||||| |||| 00| 0 eng d
020 _a978-3-031-21539-1(pbk)
037 _cTB
040 _aAL
_cAL
041 _2eng
_aeng
084 _aV:17 R3
_qAL
100 _aBhambra, Gurminder K.
_9324486
245 _aRethinking modernity:
_bPostcolonialism and the sociolocal imagination
250 _a2nd Ed.
260 _aCham, Switzerland:
_bPalgrave macmillan,
_c2023
300 _axii, 257p.
365 _b37.99
_cEURO
650 _aPostcolonialism
_932352
942 _2CC
_cTB
_e2nd Ed.
_hV:17 R3
_n0
999 _c1308313
_d1308313